Buddhism across Asia : (Record no. 104568)

MARC details
000 -LEADER
fixed length control field 00616nam a22001817a 4500
005 - DATE AND TIME OF LATEST TRANSACTION
control field 20161110130431.0
010 ## - LCCN (DPL NO)
LC control number ENG-116507
020 ## - INTERNATIONAL STANDARD BOOK NUMBER
International Standard Book Number 9789350980453
Terms of availability 1750.00
035 ## - SYSTEM CONTROL NUMBER
System control number EN-100039
037 ## - SOURCE OF ACQUISITION
Source of stock number/acquisition DBAD/PUB
082 ## - DEWEY DECIMAL CLASSIFICATION NUMBER
Classification number 250.095
245 ## - TITLE STATEMENT
Title Buddhism across Asia :
Statement of responsibility, etc edited by Tansen Sen
Remainder of title network of material, intellectual and cultural exchange volume-1/
260 ## - PUBLICATION, DISTRIBUTION, ETC. (IMPRINT)
Place of publication, distribution, etc New Delhi
Name of publisher, distributor, etc Manohar Publisher & Distributors
Date of publication, distribution, etc 2014
270 ## - ADDRESS
Address 4753/23 Ansari Road,Daryaganj
City New Delhi
Postal code 110002
300 ## - PHYSICAL DESCRIPTION
Extent 482p. :
Dimensions 22cm (Hb)
Other physical details ill
500 ## - GENERAL NOTE
General note Includes index
942 ## - ADDED ENTRY ELEMENTS (KOHA)
Source of classification or shelving scheme Dewey Decimal Classification
Item type English Books
Classification part 250.095
Call number suffix BUD
Holdings
Withdrawn status Lost status Not for loan Collection code Home library Current library Date acquired Source of acquisition Cost, normal purchase price Full call number Barcode Copy number Cost, replacement price Koha item type
      Non-fiction Shahdara Branch Shahdara Branch 10/11/2016 DBAD/PUB 1750.00 250.095 BUD EN-100039 1 1750.00 English Books

© Delhi Public Library
Hit Counter
free hit counter